000 01306nam a22003617a 4500
001 3031643
003 OSt
005 20210426102311.0
008 950120s1996 nyua b 001 0 eng
010 _a 95002247
020 _a0195079930 (acidfree paper)
040 _aDLC
_cDLC
_dDLC
_beng
041 0 _aengmul
050 0 0 _aP211
_b.W714 1996
080 _a811
_bD-18
082 0 0 _a411
_220
100 _9801
_aDaniels, T. Peter
_eEditor
245 0 4 _aThe world's writing systems /
_cedited by Peter T. Daniels and William Bright.
_b/ by: Oxford University Press
260 _aNew York
_bOxford University Press
_c1996.
300 _axlv, 922 p.
_bill.
_c24 cm.
504 _aIncludes bibliographical references and index.
650 0 _aWriting.
650 0 _aAlphabet.
650 0 _aLinguistics
_9445
650 0 _aGraphemics.
653 _aლინგვისტიკა
700 1 _aDaniels, Peter T.
_eEditor
700 1 _aBright, William,
_d1928-2006.
_eEditor
856 4 2 _3Publisher description
_uhttp://www.loc.gov/catdir/enhancements/fy0604/95002247-d.html
906 _a7
_bcbc
_corignew
_d1
_eocip
_f19
_gy-gencatlg
942 _2udc
_cBK
999 _c1237
_d1237